Open & distance learning : case studies from industry and education
Αποθηκεύτηκε σε:
| Άλλοι συγγραφείς: | |
|---|---|
| Μορφή: | Βιβλίο |
| Γλώσσα: | English |
| Δημοσίευση: |
London :
Kogan Page,
1999
|
| Σειρά: | Open and distance learning series
|
| Θέματα: | |
| Ετικέτες: |
Προσθήκη ετικέτας
Δεν υπάρχουν, Καταχωρήστε ετικέτα πρώτοι!
|
MARC
| LEADER | 00000cam a2200000 i 4500 | ||
|---|---|---|---|
| 001 | 1/9440 | ||
| 008 | 000811s1999 eng d | ||
| 020 | |a 0749429348 | ||
| 035 | |l 10063053 | ||
| 040 | |a GR-MY-UA |b gre |e aacr | ||
| 041 | 0 | |a eng | |
| 082 | 0 | |a 371.35 | |
| 245 | 1 | 0 | |a Open & distance learning : |b case studies from industry and education / |c edited by Stephen Brown |
| 246 | 3 | 3 | |a Open and distance learning |
| 260 | |a London : |b Kogan Page, |c 1999 | ||
| 300 | |a xi, 210 p.; |c 24 cm | ||
| 490 | 1 | |a Open and Distance Learning Series | |
| 504 | |a Includes bibliographical references and index | ||
| 650 | 0 | 0 | |a Distance education |z Great Britain. |
| 650 | 0 | 0 | |a Open learning |z Great Britain. |
| 700 | 1 | |a Brown, Stephen |c Professor. |4 edt | |
| 830 | 0 | |a Open and distance learning series | |
| 852 | |a INST |b CHIOS |e 20000811 |h 371.35 OPE |p 005200018104 |q 005200018104 |t BK |y 0 | ||
| 901 | |a BIBL2-2000-2 | ||
| 909 | |a Χ |b 076632 | ||
| 922 | |a 2ΕΛΗ |b 200003 |c ΤΔΕ |d ΠΑΠΑΣΩΤΗΡΙΟΥ | ||
| 970 | |z 2000/08/ΔΕΜΕΝΑΓΑΣ | ||